Law and practice of wealth-tax, gift-tax and companies (profits) surtax / (Record no. 362012)

MARC details
000 -LEADER
fixed length control field 01431nam#a2200373#a#4500
001 - CONTROL NUMBER
control field vtls000403361
003 - CONTROL NUMBER IDENTIFIER
control field NLI
005 - DATE AND TIME OF LATEST TRANSACTION
control field 20210603105102.0
008 - FIXED-LENGTH DATA ELEMENTS--GENERAL INFORMATION
fixed length control field 110210s1976 ii 001 0 eng
020 ## - INTERNATIONAL STANDARD BOOK NUMBER
Terms of availability Rs. 25.00
039 #9 - LEVEL OF BIBLIOGRAPHIC CONTROL AND CODING DETAIL [OBSOLETE]
-- 201102102132
-- Entertech_02
040 ## - CATALOGING SOURCE
Original cataloging agency NLI
Language of cataloging eng
Transcribing agency Entertech-2011
Description conventions AACR2
041 0# - LANGUAGE CODE
Language code of text/sound track or separate title eng
044 ## - COUNTRY OF PUBLISHING/PRODUCING ENTITY CODE
MARC country code ii
082 04 - DEWEY DECIMAL CLASSIFICATION NUMBER
Classification number 336.230954
100 1# - MAIN ENTRY--PERSONAL NAME
Personal name Bhattacharya, Sukumar
Dates associated with a name 1923-2005
9 (RLIN) 356175
245 10 - TITLE STATEMENT
Title Law and practice of wealth-tax, gift-tax and companies (profits) surtax /
Statement of responsibility, etc. Sukumar Bhattachrya
250 ## - EDITION STATEMENT
Edition statement 3rd ed.
260 ## - PUBLICATION, DISTRIBUTION, ETC.
Place of publication, distribution, etc. Calcutta :
Name of publisher, distributor, etc. Nababharat Publishers,
Date of publication, distribution, etc. 1976
300 ## - PHYSICAL DESCRIPTION
Extent xiii, 349 p. ;
Dimensions 25 cm.
500 ## - GENERAL NOTE
General note With full text of the acts, rules and forms as amended upto July, 1976
500 ## - GENERAL NOTE
General note Includes index
650 #0 - SUBJECT ADDED ENTRY--TOPICAL TERM
Topical term or geographic name entry element Wealth tax
General subdivision Law and legislation
Geographic subdivision India
9 (RLIN) 350485
650 #0 - SUBJECT ADDED ENTRY--TOPICAL TERM
Topical term or geographic name entry element Gifts
General subdivision Taxation
-- Law and legislation
Geographic subdivision India
9 (RLIN) 468988
650 #0 - SUBJECT ADDED ENTRY--TOPICAL TERM
Topical term or geographic name entry element Corporations
General subdivision Taxation
-- Law and legislation
Geographic subdivision India
9 (RLIN) 354290
710 2# - ADDED ENTRY--CORPORATE NAME
Corporate name or jurisdiction name as entry element India (Republic).
Form subheading Laws, statutes, etc.
Title of a work Wealth-tax act, 1957. 1969
9 (RLIN) 468989
710 2# - ADDED ENTRY--CORPORATE NAME
Corporate name or jurisdiction name as entry element India.
Title of a work Gift-tax Act, 1958.
Date of a work 1969
9 (RLIN) 468990
710 2# - ADDED ENTRY--CORPORATE NAME
Corporate name or jurisdiction name as entry element India (Republic).
Form subheading Laws, statutes, etc.
Title of a work Companies (profits) surtax act, 1964. 1969
9 (RLIN) 468991
887 ## - NON-MARC INFORMATION FIELD
Content of non-MARC field
901 ## - LOCAL DATA ELEMENT A, LDA (RLIN)
a DB31153
b 18.12.1976
902 ## - LOCAL DATA ELEMENT B, LDB (RLIN)
a E/O 336.230954 B 469(4)
942 ## - ADDED ENTRY ELEMENTS (KOHA)
Source of classification or shelving scheme Dewey Decimal Classification
Koha item type Books
949 ## - LOCAL PROCESSING INFORMATION (OCLC)
-- VIRTUAITEM
-- 10000
-- 100
6 DBA000031153ENG
Holdings
Withdrawn status Lost status Damaged status Not for loan Collection code Home library Current library Shelving location Date acquired Total Checkouts Full call number Barcode Date last seen Price effective from Koha item type
        New English Oversized National Library of India National Library of India New English Oversized - Main Stack Division     E/O 336.230954 B 469(4) DBA000031153ENG 03/06/2021 03/06/2021 Books
                                                                           
web counter

Copyright ©2020 The National Library of India, Govt. of India ↔ Hosted by NVLI, MOC ↔ Technology and Design by National Library of India, Ministry of Culture, Govt. of India